| 000 | 01015pam a2200313 a 4500 | ||
|---|---|---|---|
| 001 | 1510588 | ||
| 003 | SISC | ||
| 005 | 20160401143527.0 | ||
| 008 | 891108s1990 cau 000 0 eng | ||
| 010 | _a 89048614 | ||
| 020 | _a0884963101 | ||
| 020 | _a0888496311X (pbk.) | ||
| 020 | _z088496310X (jacket) | ||
| 040 |
_aDLC _cDLC _dDLC |
||
| 043 | _an-us--- | ||
| 050 | 0 | 0 |
_aKF 1250 _b.W55 1990 |
| 082 | 0 | 0 |
_a346.7303 _a347.3063 |
| 100 | 1 |
_aRobert V. Wills. _d1927- _910355 |
|
| 245 | 1 | 0 |
_aLawyers are killing America : _ba trial lawyer's appeal for genuine tort reform / _cRobert V. Wills. |
| 260 |
_aSanta Barbara : _bCapra Press, _cc1990. |
||
| 300 |
_a137 p. ; _c23 cm. |
||
| 650 | 0 |
_aTorts _zUnited States. _910356 |
|
| 650 | 0 |
_aLiability insurance _zUnited States. _910357 |
|
| 906 |
_a7 _bcbc _corignew _d1 _eocip _f19 _gy-gencatlg |
||
| 942 |
_2lcc _cBK |
||
| 999 |
_c8594 _d8594 |
||